000 00723nam a22001577a 4500
003 OSt
005 20150913144758.0
008 150913b xxu||||| |||| 00| 0 eng d
040 _cRUA
082 _aAGR KOL 1998 B020 Or.1
100 _9393
_aKOL, LYNA.
245 _aឥទ្ធិពលរបស់ខ្មូត sitophilus zeamias ទៅលើការស្តុកគ្រាប់ពោតក្រហមនៅតាមបណ្តាឃ្លាំងនានាជុំវិញរាធានីភ្នំពេញ ( the economic impact of sitophilus zeamais on stock of yellow corn in the warehouses around phnom penh)
260 _aPhnom Penh
_bRUA
_c1998
300 _a68p.
_bill.
_c29cm.
942 _2ddc
_cAGR
999 _c372
_d372